Tilastot visalle Suurimmat trooppisen ilmaston kaupungit

Klikkaa tästä pelataksesi tätä visaa!

Yleistilastot

  • Tätä visaa on pelattu 210 kertaa
  • Keskiarvotulos 12 / 20

Vastaustilastot

VäkilukuMaanosaKaupunki% Oikein
32,1 milj.AasiaJakarta
87%
13,3 milj.Etelä-AmerikkaRio de Janeiro
87%
19,4 milj.AasiaBangkok
83%
26,3 milj.AasiaManila
80%
9,15 milj.AasiaKuala Lumpur
74%
7,90 milj.AasiaSingapore
74%
25,6 milj.AasiaMumbai
73%
13,9 milj.AfrikkaKinshasa
68%
20,1 milj.AfrikkaLagos
67%
17,0 milj.AasiaKalkutta
62%
20,3 milj.AasiaDhaka
60%
10,6 milj.AasiaHo Chi Minh
57%
6,35 milj.Pohjois-AmerikkaMiami
52%
11,6 milj.AasiaChennai
50%
12,7 milj.AasiaBangalore
46%
6,45 milj.AfrikkaDar es Salaam
44%
10,4 milj.AasiaHyderabad
40%
6,15 milj.AasiaSurabaya
34%
7,05 milj.AasiaBandung
31%
6,90 milj.AasiaSurat
28%

Tulosjakauma

Persentiili vastausten määrän mukaan

Jokaisen tuloksen saaneiden osuus

Tuloshistoriasi

Et ole pelannut tätä visaa